Bagaimana surat pertama ditulis

Bibliographic Details
Format: Book
Published: Selangor : Syarikat Damai Bersama , 2006
Series:Koleksi bacaan Rudyard Kipling
Subjects:

MARC

LEADER 00000cam a2200000 7i4500
001 0000000765
005 20151222.0
020 |a 9839447378(set) 
020 |a 9839447475 
090 0 0 |a JF   |b MAL (1014) 
245 1 0 |a Bagaimana surat pertama ditulis 
260 |a Selangor :   |b Syarikat Damai Bersama ,   |c 2006 
440 |a Koleksi bacaan Rudyard Kipling 
500 |a Children ages 7-9 years old (orange) 
650 0 |a Malay language   |x Readers   |x Animals 
999 |a 0000938256   |b Book   |c Children Collection   |e Cawangan Tangkak 
999 |a 0000938257   |b Book   |c Children Collection   |e Cawangan Tangkak 
999 |a 0000938258   |b Book   |c Children Collection   |e Cawangan Tangkak 
999 |a 0000938259   |b Book   |c Children Collection   |e Cawangan Tangkak 
999 |a 0000938260   |b Book   |c Children Collection   |e Cawangan Tangkak 
999 |a 0000956532   |b Book   |c Children Collection   |e Perbadanan Perpustakaan Awam Johor 
999 |a 0000956533   |b Book   |c Children Collection   |e Perbadanan Perpustakaan Awam Johor 
999 |a 0000956534   |b Book   |c Children Collection   |e Cawangan Bandar Tenggara 
999 |a 0000956535   |b Book   |c Children Collection   |e Perbadanan Perpustakaan Awam Johor 
999 |a 0000956536   |b Book   |c Children Collection   |e Cawangan Kota Tinggi